Countries by City #5 - Statistics

General Stats
  • This quiz has been taken 12 times
  • The average score is 10 of 15
Answer Stats
City Country % Correct
Palermo Italy
92%
Kingston Jamaica
92%
Skopje North Macedonia
83%
Mendoza Argentina
75%
Linz Austria
75%
Graz Austria
75%
Managua Nicaragua
75%
Ashgabat Turkmenistan
67%
Ras Al-Khaimah United Arab Emirates
67%
Dunhuang China
58%
Brno Czechia
58%
Bari Italy
58%
Seaward United States of America
58%
Trier Germany
42%
Mashhad Iran
42%
No matching quizzes found
Score Distribution
Percent of People with Each Score
Percentile by Number Answered
Your Score History
You have not taken this quiz